=LDR 00000nam 2200000 4500 =001 NUTBA000000000003866 =005 20140828102409.0 =006 =007 =008 =020 ##$$a 979-736-725-8 =035 ##$$0010-081400000000711 =040 ##$$a NBPDMAT =082 ##$$a 663.64 =090 ##$$a 663.64 $b Sri Winarsih =100 ##$$a Sri Winarsih =245 ##$$a Pembuatan dan khasiat susu kedelai / $c Sri Winarsih =250 ##$$a Cet. 1 =260 ##$$a Jakarta : $b Sinar Cemerlang Abadi, $c 2008 =300 ##$$a xi, 58 hlm. : $b ilus. ; $c 21 cm. =650 ##$$a Susu kedelai =990 ##$$a 21408832 =990 ##$$a 0001/BPAP-NTB/2015